NFL MVP by year - Statistics

General Stats
  • This quiz has been taken 50 times
  • The average score is 35 of 91
Answer Stats
Hint Answer % Correct
2022 Patrick Mahomes
95%
2018 Patrick Mahomes
95%
2023 Lamar Jackson
93%
2019 Lamar Jackson
93%
2017 Tom Brady
93%
2010 Tom Brady
93%
2007 Tom Brady
93%
2021 Aaron Rodgers
81%
2020 Aaron Rodgers
81%
2014 Aaron Rodgers
81%
2011 Aaron Rodgers
81%
2013 Peyton Manning
81%
2009 Peyton Manning
81%
2008 Peyton Manning
81%
2004 Peyton Manning
81%
2003 Peyton Manning
81%
1990 Joe Montana
70%
1989 Joe Montana
70%
2012 Adrian Peterson
67%
2015 Cam Newton
67%
2016 Matt Ryan
63%
1994 Steve Young
60%
1992 Steve Young
60%
1997 Barry Sanders
56%
1984 Dan Marino
56%
1987 John Elway
56%
1993 Emmitt Smith
53%
1965 Jim Brown
53%
1958 Jim Brown
53%
1957 Jim Brown
53%
1977 Walter Payton
53%
1972 Larry Brown
49%
2001 Kurt Warner
47%
1999 Kurt Warner
47%
1967 Johnny Unitas
44%
1964 Johnny Unitas
44%
1959 Johnny Unitas
44%
2006 LaDainian Tomlinson
44%
2005 Shaun Alexander
44%
1978 Terry Bradshaw
44%
1962 Jim Taylor
42%
1986 Lawrence Taylor
42%
1966 Bart Starr
37%
1998 Terrell Davis
37%
1985 Marcus Allen
35%
1973 O.J Simpson
35%
2003 Steve McNair
35%
2000 Marshall Faulk
33%
1979 Earl Campbell
30%
1975 Fran Tarkenton
30%
1976 Bert Jones
23%
1983 Joe Theismann
23%
1981 Ken Anderson
23%
2002 Rich Gannon
23%
1971 Alan Page
21%
1988 Boomer Esiason
21%
1991 Thurman Thomas
21%
1997 Brett Farve
19%
1996 Brett Farve
19%
1995 Brett Farve
19%
1970 John Brodie
19%
1960 Norm Van Brocklin
19%
1951 Norm Van Brocklin
19%
1955 Otto Graham
19%
1953 Otto Graham
19%
1950 Otto Graham
19%
1961 Paul Hornung
19%
1974 Ken Stabler
16%
1943 Sid Luckman
14%
1963 Y.A Tittle
14%
1969 Roman Gabriel
12%
1968 Earl Morrall
9%
1947 Sammy Baugh
9%
1942 Don Hutson
7%
1956 Frank Gifford
5%
1944 Frank Sinkwich
5%
1954 Joe Perry
5%
1952 Joe Perry
5%
1982 Mark Mosely
5%
1940 Ace Parker
2%
1946 Bill Dudley
2%
1938 Bob Monnett
2%
1980 Brain Sipe
2%
1949 Charley Conerly
2%
1945 Charley Trippi
2%
1937 Ed Danowski
2%
1936 Joe F. Carter
2%
1941 Joe Foss
2%
1939 Parker Hall
2%
1948 Pat Harder
2%
69 Skibidi Toilet
2%
No matching quizzes found
Score Distribution
Percent of People with Each Score
Percentile by Number Answered
Your Score History
You have not taken this quiz